Normal view MARC view
  • JOGPAL VIKASH AND GUPTA JOYTI

Entry Personal Name

Number of records used in: 1

001 - CONTROL NUMBER

  • control field: 6401

003 - CONTROL NUMBER IDENTIFIER

  • control field: OSt

005 - DATE AND TIME OF LATEST TRANSACTION

  • control field: 20210227132325.0

008 - FIXED-LENGTH DATA ELEMENTS

  • fixed length control field: 210227|| aca||aabn | a|a d

040 ## - CATALOGING SOURCE

  • Original cataloging agency: OSt
  • Transcribing agency: OSt

100 ## - HEADING--PERSONAL NAME

  • Personal name: JOGPAL VIKASH AND GUPTA JOYTI

670 ## - SOURCE DATA FOUND

  • Source citation: Work cat.: (OSt): JOGPAL VIKASH AND GUPTA JOYTI, HUMAN ANATOMY AND PHYSIOLOGY-II, 2019